00325nam a2200133Ia 4500008004100000020001500041041001200056100001600068245004000084250000800124260003700132300000800169650001400177221030s9999 xx 000 0 und d a0706987497 aEnglish aS. B. Malik 0aBasic Number Theorycby S. B. Malik a2nd bVikas Pub HouseaNew Delhic2011 a212 aMCA Maths